Desarrollo en infraestructura para la cabecera municipal de Jutiapa, (Registro nro. 2539)

Detalles MARC
000 -LEADER
campo de control de longitud fija 02076nam a22003617a 4500
001 - NÚMERO DE CONTROL
campo de control 42835
003 - IDENTIFICADOR DE NÚMERO DE CONTROL
campo de control gtgccic
005 - FECHA Y HORA DE LA ÚLTIMA TRANSACCIÓN
campo de control 20251124104729.0
007 - CAMPO FIJO DE DESCRIPCIÓN FÍSICA--INFORMACIÓN GENERAL
campo de control de longitud fija ta
008 - DATOS DE LONGITUD FIJA--INFORMACIÓN GENERAL
campo de control de longitud fija 251124b gt ||||| |||| 00| 0 spa d
040 ## - FUENTE DE CATALOGACIÓN
Centro catalogador/agencia de origen gtgccic
Lengua de catalogación spa
Centro/agencia transcriptor gtgccic
Normas de descripción rda
084 ## - OTRO NÚMERO DE CLASIFICACIÓN
Número de control del registro de autoridad o número normalizado TPI-17-0125
100 10 - ENTRADA PRINCIPAL--NOMBRE DE PERSONA
Nombre de persona Roberto Mario González Donado
Fechas asociadas al nombre Ingeniero Civil
Término indicativo de función/relación autpr
245 10 - MENCIÓN DEL TÍTULO
Título Desarrollo en infraestructura para la cabecera municipal de Jutiapa,
Resto del título departamento de Jutiapa /
Mención de responsabilidad, etc. González Donado, Roberto Mario
264 #1 - PRODUCCIÓN, PUBLICACIÓN, DISTRIBUCIÓN, FABRICACIÓN Y COPYRIGHT
Producción, publicación, distribución, fabricación y copyright Guatemala, Guatemala :
Nombre del de productor, editor, distribuidor, fabricante USAC, Facultad de Ingeniería ;
Fecha de producción, publicación, distribución, fabricación o copyright 2017 .-
300 ## - DESCRIPCIÓN FÍSICA
Extensión xxviii, 76 p. :
Otras características físicas il. ;
Dimensiones 27 cm
336 ## - TIPO DE CONTENIDO
Fuente rdacontenido
Término de tipo de contenido Texto
Código de tipo de contenido txt
337 ## - TIPO DE MEDIO
Fuente rdamedio
Nombre/término del tipo de medio sin mediación
Código del tipo de medio n
338 ## - TIPO DE SOPORTE
Fuente rdasoporte
Nombre/término del tipo de soporte volumen
Código del tipo de soporte nc
502 ## - NOTA DE TESIS
Nota de tesis Tesis Postgrado
Tipo de título MAESTRO EN ARTES EN INGENIERÍA PARA EL DESARROLLO MUNICIPAL
Nombre de la institución que otorga el título USAC, Facultad de Ingeniería, Escuela de Postgrado
Año de obtención del título 2017
Identificador de la tesis TPI-17-0125
504 ## - NOTA DE BIBLIOGRAFÍA, ETC.
Nota de bibliografía, etc. Nota Bibliografía pag. 75
505 ## - NOTA DE CONTENIDO CON FORMATO
Título 1. MARCO TEÓRICO (desarrollo municipal)
505 ## - NOTA DE CONTENIDO CON FORMATO
Título 2. DESCRIPCIÓN DEL CASCO URBANO DEL MUNICIPIO
505 ## - NOTA DE CONTENIDO CON FORMATO
Título 3. PLAN DE DESARROLLO DEL CASCO URBANO
505 ## - NOTA DE CONTENIDO CON FORMATO
Título 4. ESTUDIO SOCIO-ECONÓMICO DE LOS PROYECTOS PRIORIZADOS
505 ## - NOTA DE CONTENIDO CON FORMATO
Título 5. ANÁLISIS DE RESULTADOS
520 #3 - RESUMEN, ETC.
Sumario, etc. El área urbana del municipio de Jutiapa (el casco urbano), se encuentra en expansión territorial, debido al gran incremento de sus pobladores, vecinos autóctonos del área urbana, comunidades circundantes y pobladores de diferentes municipios se han dado lugar y asentado en la cabecera del departamento, lo cual ha impulsado un desarrollo económico y comercial que ha demandado los servicios de una municipalidad que se enfrenta con el problema de una baja recaudación, por medio de arbitrios e impuestos que junto con el aporte del gobierno central, no cuenta con recursos suficientes para cumplir sus competencias en cuanto a infraestructura.
650 ## - PUNTO DE ACCESO ADICIONAL DE MATERIA--TÉRMINO DE MATERIA
Término de materia o nombre geográfico como elemento de entrada PLANIFICACIÓN DE DESARROLLO
650 ## - PUNTO DE ACCESO ADICIONAL DE MATERIA--TÉRMINO DE MATERIA
Término de materia o nombre geográfico como elemento de entrada DESARROLLO URBANO
700 ## - ENTRADA AGREGADA--NOMBRE PERSONAL
Nombre de persona M.Sc. Arq. David Ottoniel Veliz Ambrocio
942 ## - ELEMENTOS DE ENTRADA SECUNDARIOS (KOHA)
Fuente de la clasificación o esquema de estantería Clasificación Decimal Dewey
Tipo de ítem Koha TESISPOSTGRADO
945 ## - PROCESAMIENTO DE INFORMACIÓN LOCAL (OCLC)
a amlo
Existencias
Estatus retirado Estado de pérdida Fuente de la clasificación o esquema de estantería Estado de daño No para préstamo Biblioteca de origen Biblioteca actual Fecha de adquisición Número de inventario Total de préstamos Signatura topográfica completa Código de barras Visto por última vez Precio de reemplazo Tipo de ítem Koha Nota pública
    Clasificación Decimal Dewey     CENTRO DE INFORMACIÓN A LA CONSTRUCCIÓN-CICON CENTRO DE INFORMACIÓN A LA CONSTRUCCIÓN-CICON 24/11/2025 P20170125   TPI-17-0125 20170125 24/11/2025 24/11/2025 TESISPOSTGRADO disponible